इस्लाम का इतिहास (Record no. 1851235)

MARC details
000 -LEADER
fixed length control field 00340 a2200121 4500
000 - LEADER
fixed length control field nam a22 7a 4500
005 - DATE AND TIME OF LATEST TRANSACTION
control field 20260512120157.0
020 ## - INTERNATIONAL STANDARD BOOK NUMBER
International Standard Book Number 9789382695967
100 ## - MAIN ENTRY--PERSONAL NAME
Personal name शक्ति पद शर्मा
9 (RLIN) 1239101
245 ## - TITLE STATEMENT
Title इस्लाम का इतिहास
260 ## - PUBLICATION, DISTRIBUTION, ETC.
Name of publisher, distributor, etc. Vikalp prakashan
Date of publication, distribution, etc. 2023
942 ## - ADDED ENTRY ELEMENTS (KOHA)
Koha item type Textual
Holdings
Withdrawn status Lost status Source of classification or shelving scheme Damaged status Not for loan Home library Current library Date acquired Source of acquisition Cost, normal purchase price Inventory number Total Checkouts Barcode Date last seen Cost, replacement price Price effective from Koha item type
    Colon Classification (CC)   Ordered South Campus Library South Campus Library 2026-05-12 122 960.00 NKP-1271 & 28/01/2026   SC1809745 2026-05-12 1200.00 2026-05-12 Textual
Copyright @ Delhi University Library System